Normal view
MARC view
Entry Personal Name
001 - CONTROL NUMBER
- control field: 223628
003 - CONTROL NUMBER IDENTIFIER
- control field: OSt
005 - DATE AND TIME OF LATEST TRANSACTION
- control field: 20250729165430.0
008 - FIXED-LENGTH DATA ELEMENTS
- fixed length control field: 250729|| aca||aabn | a|a d
040 ## - CATALOGING SOURCE
- Original cataloging agency: OSt
- Transcribing agency: OSt
100 ## - HEADING--PERSONAL NAME
- Personal name: ಗೋವಿಂದರಾವ್ ಎ ವಿ
670 ## - SOURCE DATA FOUND
- Source citation: Work cat.: (OSt)236003: ಗೋವಿಂದರಾವ್ ಎ ವಿ, ಶಿಕ್ಶಣದ ಮನೋವಿಜ್ನಾನ, 2005